Reglamento para el régimen de las comisiones y sub-comisiones auxiliares de la M. I. Junta de Gobierno de la Casa Provincial de Maternidad y Expósitos de Barcelona
Descripción Física:
8 p., 1 f. pleg. ; 21 cm
MARC
| LEADER | 00000nam a2200000Ia 4500 | ||
|---|---|---|---|
| 001 | 20817 | ||
| 008 | 160829s1859 xx 000 0 cat d | ||
| 080 | |a RF-8-70 | ||
| 100 | |a Casa de Maternitat i Expòsits (Barcelona). Junta de Govern |9 38587 | ||
| 245 | |a Reglamento para el régimen de las comisiones y sub-comisiones auxiliares de la M. I. Junta de Gobierno de la Casa Provincial de Maternidad y Expósitos de Barcelona | ||
| 260 | |a Barcelona : |b Establecimiento Tipográfico de Narciso Ramírez, |c 1859 | ||
| 300 | |a 8 p., 1 f. pleg. ; |c 21 cm | ||
| 590 | |a Prové de J-3044, exp. 3 | ||
| 650 | |a Casa de Maternitat i Expòsits (Barcelona). Junta de Govern |x Reglaments i procediment |9 38588 | ||
| 856 | 4 | |u https://media.diba.cat/diba/fitxers/arxiu/fulletons/bib_20817_1859_baixa.pdf |y Accés lliure | |
| 856 | 4 | |u https://media.diba.cat/diba/fitxers/arxiu/fulletons/bib_20817_1859_baixa.pdf |y Accés lliure | |
| 901 | |a Arxiu | ||
| 942 | |n 1 |2 udc | ||
| 952 | |0 0 |1 0 |4 0 |6 RF870 |7 1 |9 53793 |a Arxiu |b Arxiu |d 2016-12-01 |l 0 |o RF-8-70 |p 20817 |r 2016-12-01 00:00:00 |w 2016-12-01 |y ARXIU | ||
| 999 | |c 57659 |d 57659 | ||
| 900 | |a bib_20817_1859_baixa.pdf | ||